000 00297nam a2200133Ia 4500
100 _aChitode/J.S
942 _cBK
654 _aCommunication
245 _aPrinciples of digital communication
260 _bTech Publication
_c2003
082 _a621.382
_bCHI
300 _a704
546 _aENGLISH
999 _c24298
_d24298